[Event "Oberliga Ost-B 0809"]
[Site "Germany"]
[Date "2009.03.28"]
[Round "10.6"]
[White "Mueller, Horst1111"]
[Black "Friedt, Edmund"]
[Result "1/2-1/2"]
[WhiteElo "2178"]
[BlackElo "1905"]
[PlyCount "83"]
[EventDate "2008.10.26"]
[EventType "team-tourn"]
[EventRounds "11"]
[EventCountry "GER"]
[SourceTitle "EXT 2010"]
[Source "ChessBase"]
[SourceDate "2010.11.25"]
[SourceVersion "1"]
[SourceVersionDate "2010.11.25"]
[SourceQuality "1"]
[WhiteTeam "Offenbach"]
[BlackTeam "Erfurt SK II"]
[WhiteTeamCountry "GER"]
[BlackTeamCountry "GER"]

1. d4 Nf6 2. c4 e6 3. Nf3 b6 4. e3 Bb7 5. Be2 Ne4 6. 0-0 Be7 7. Nbd2 0-0 8. Nxe4 Bxe4 9. b3 d6 10. Nd2 Bb7 11. Qc2 Nd7 12. Bb2 f5 13. Bd3 Qe8 14. f4 Qh5 15. Rae1 Bh4 16. Re2 Rae8 17. Nf3 Nf6 18. Bc3 Ne4 19. Be1 Bxe1 20. Rexe1 Rf6 21. Bxe4 Bxe4 22. Qd1 Rh6 23. h3 Rg6 24. Kh2 h6 25. Rg1 Bxf3 26. Qxf3 Qxf3 27. gxf3 Rxg1 28. Kxg1 Kf7 29. Kf2 Kf6 30. h4 g6 31. Rd1 Rh8 32. Rg1 Re8 33. Rd1 Rh8 34. Ke2 g5 35. h5 gxf4 36. exf4 Rg8 37. Kf2 Rg7 38. b4 e5 39. fxe5+ dxe5 40. d5 Ke7 41. c5 Rg5 42. Re1 1/2-1/2

[Event "Oberliga Ost-B 0809"]
[Site "Germany"]
[Date "2009.03.01"]
[Round "8.5"]
[White "Friedt, Edmund"]
[Black "Koehler, Ronald"]
[Result "0-1"]
[WhiteElo "1905"]
[BlackElo "2256"]
[PlyCount "60"]
[EventDate "2008.10.26"]
[EventType "team-tourn"]
[EventRounds "11"]
[EventCountry "GER"]
[SourceTitle "EXT 2010"]
[Source "ChessBase"]
[SourceDate "2010.11.25"]
[SourceVersion "1"]
[SourceVersionDate "2010.11.25"]
[SourceQuality "1"]
[WhiteTeam "Erfurt SK II"]
[BlackTeam "Griesheim"]
[WhiteTeamCountry "GER"]
[BlackTeamCountry "GER"]

1. e4 c5 2. Nf3 Nc6 3. d4 cxd4 4. Nxd4 Nf6 5. Nc3 e5 6. Ndb5 d6 7. Bg5 a6 8. Na3 b5 9. Nd5 Be7 10. Bxf6 Bxf6 11. c3 Bg5 12. Be2 Ne7 13. 0-0 Bb7 14. Nxe7 Qxe7 15. Qd3 Rd8 16. Rad1 0-0 17. c4 bxc4 18. Qxc4 Kh8 19. Nc2 a5 20. Ne3 Bxe3 21. fxe3 g6 22. Bf3 Rc8 23. Qd3 Rc6 24. Rc1 Rfc8 25. Rxc6 Rxc6 26. Rd1 Qc7 27. a3 Qb6 28. Rd2 Kg7 29. Kf2 Ba6 30. Qd5 Bc4 0-1

[Event "GER-chT Lands U20"]
[Site "Bad Sulza"]
[Date "2004.11.16"]
[Round "3.6"]
[White "Friedt, Edmund"]
[Black "Zikeli, Saskia"]
[Result "0-1"]
[WhiteElo "1554"]
[BlackElo "1885"]
[PlyCount "80"]
[EventDate "2004.11.15"]
[EventType "team-swiss"]
[EventRounds "7"]
[EventCountry "GER"]
[SourceTitle "EXT 2006"]
[Source "ChessBase"]
[SourceDate "2005.11.24"]
[SourceVersion "1"]
[SourceVersionDate "2005.11.24"]
[SourceQuality "1"]

1. e4 c5 2. Nf3 d6 3. d4 cxd4 4. Nxd4 Nf6 5. Nc3 g6 6. Be3 Bg7 7. Bc4 0-0 8. Bb3 Nc6 9. Qd2 Ng4 10. 0-0-0 Nxe3 11. fxe3 Bd7 12. h4 h5 13. Rdg1 Bg4 14. Nd1 Ne5 15. Nf2 Qd7 16. Rf1 b5 17. Nd3 a5 18. Nxe5 Bxe5 19. Nf3 Bg7 20. Ng5 e6 21. a3 a4 22. Ba2 b4 23. axb4 a3 24. b3 Bb2+ 25. Kb1 f6 26. Nh3 Rfc8 27. Nf2 Rc7 28. Nxg4 hxg4 29. Rf2 g3 30. Re2 Rac8 31. Rd1 Be5 32. Rh1 Qc6 33. Qd3 Qb7 34. h5 Rc3 35. Qd1 Qxb4 36. hxg6 f5 37. Rd2 Rxb3+ 38. cxb3 Qc3 39. Rh8+ Bxh8 40. Qh5 Qa1# 0-1

[Event "GER-chT Lands U20"]
[Site "Bad Sulza"]
[Date "2004.11.16"]
[Round "2.6"]
[White "Rohlfs, Ricarda"]
[Black "Friedt, Edmund"]
[Result "0-1"]
[WhiteElo "1675"]
[BlackElo "1554"]
[PlyCount "54"]
[EventDate "2004.11.15"]
[EventType "team-swiss"]
[EventRounds "7"]
[EventCountry "GER"]
[SourceTitle "EXT 2006"]
[Source "ChessBase"]
[SourceDate "2005.11.24"]
[SourceVersion "1"]
[SourceVersionDate "2005.11.24"]
[SourceQuality "1"]

1. e4 e5 2. Nf3 Nc6 3. Bb5 a6 4. Ba4 Nf6 5. 0-0 b5 6. Bb3 Be7 7. Re1 0-0 8. c3 d5 9. exd5 Nxd5 10. Nxe5 Nxe5 11. Rxe5 c6 12. d4 Bd6 13. Re1 Qh4 14. g3 Qh3 15. Qf3 Bg4 16. Qg2 Qh5 17. Bd2 Bf3 18. Qf1 f5 19. Bd1 Bxd1 20. Rxd1 f4 21. Kg2 fxg3 22. hxg3 Bxg3 23. Kxg3 Rf3+ 24. Kg2 Qg4+ 25. Kh2 Rf5 26. Qg2 Rh5+ 27. Kg1 Qxd1+ 0-1

[Event "GER-ch Lands U20"]
[Site "Kassel"]
[Date "2003.10.19"]
[Round "1.7"]
[White "Friedt, Edmund"]
[Black "Bradler, Stephan"]
[Result "1-0"]
[WhiteElo "1303"]
[BlackElo "1559"]
[PlyCount "113"]
[EventDate "2003.10.19"]
[EventType "team"]
[EventRounds "7"]
[EventCountry "GER"]
[SourceTitle "EXT 2004"]
[Source "ChessBase"]
[SourceDate "2003.11.25"]
[SourceVersion "1"]
[SourceVersionDate "2003.11.25"]
[SourceQuality "1"]

1. e4 e5 2. Nf3 Nc6 3. Bb5 Nf6 4. 0-0 Nxe4 5. Re1 Nd6 6. Nxe5 Nxe5 7. Rxe5+ Be7 8. Ba4 0-0 9. d3 a6 10. Nc3 b5 11. Bb3 Bb7 12. Bd5 Bf6 13. Bxb7 Bxe5 14. Bxa8 Qxa8 15. a3 Qc6 16. Bd2 a5 17. Rb1 Qa8 18. Qg4 f5 19. Qd1 c6 20. Be3 f4 21. Bc5 Re8 22. d4 Nb7 23. dxe5 Nxc5 24. b4 Na4 25. Nxa4 bxa4 26. h3 Qa7 27. Qd6 Re6 28. Qd2 Rxe5 29. Qxf4 Qc7 30. Qc4+ d5 31. Qc3 axb4 32. Rxb4 Re4 33. Rxe4 dxe4 34. Qc4+ Qf7 35. Qxc6 Qf4 36. Qe8+ Qf8 37. Qxa4 Qf4 38. Qe8+ Qf8 39. Qxf8+ Kxf8 40. Kf1 Ke7 41. Ke2 Kd6 42. Ke3 Kd5 43. a4 Kc4 44. Kxe4 Kb4 45. Kd4 Kxa4 46. c4 Ka5 47. Kc5 Ka6 48. Kc6 Ka7 49. c5 g5 50. Kd7 h5 51. c6 g4 52. hxg4 h4 53. c7 h3 54. gxh3 Ka8 55. Kc6 Ka7 56. c8R Ka6 57. Ra8# 1-0

[Event "GER-ch U12"]
[Site "Willingen"]
[Date "2003.06.14"]
[Round "11"]
[White "Frey, Alisa"]
[Black "Friedt, Edmund"]
[Result "0-1"]
[WhiteElo "1138"]
[BlackElo "1306"]
[PlyCount "100"]
[EventDate "2003.06.08"]
[EventType "swiss"]
[EventRounds "11"]
[EventCountry "GER"]
[SourceTitle "CBM 094 Extra"]
[Source "ChessBase"]
[SourceDate "2003.07.09"]
[SourceVersion "2"]
[SourceVersionDate "2003.07.09"]
[SourceQuality "1"]

1. e4 e5 2. Nf3 Nc6 3. Nc3 Bb4 4. d4 exd4 5. Nxd4 Bxc3+ 6. bxc3 Nf6 7. Nxc6 bxc6 8. Bg5 h6 9. Bh4 g5 10. Bg3 0-0 11. Bd3 Re8 12. f3 d6 13. 0-0 Kh8 14. Re1 Nh5 15. Bf2 Rg8 16. Bc4 Be6 17. Qd4+ Qf6 18. Bxe6 fxe6 19. g4 Qxd4 20. Bxd4+ Ng7 21. Bxg7+ Kxg7 22. Rab1 Rab8 23. Kf2 Rb5 24. Rb3 Kf7 25. Ke3 Rh8 26. f4 gxf4+ 27. Kxf4 Rg8 28. c4 Rb6 29. h3 d5 30. exd5 cxd5 31. cxd5 exd5 32. Rxb6 axb6 33. Ke5 Re8+ 34. Kxd5 Rxe1 35. Kc4 Rh1 36. Kb5 Rxh3 37. c4 Rg3 38. Kc6 Rxg4 39. Kd5 h5 40. a4 h4 41. Ke5 Rxc4 42. Kf5 h3 43. a5 bxa5 44. Kg5 h2 45. Kh5 Rf4 46. Kg5 Rf1 47. Kg4 h1Q 48. Kg3 Qg1+ 49. Kh3 Rf2 50. Kh4 Rh2# 0-1

[Event "GER-ch U12"]
[Site "Willingen"]
[Date "2003.06.09"]
[Round "3"]
[White "Friedt, Edmund"]
[Black "Rafiee, Makan"]
[Result "0-1"]
[WhiteElo "1306"]
[BlackElo "1579"]
[PlyCount "112"]
[EventDate "2003.06.08"]
[EventType "swiss"]
[EventRounds "11"]
[EventCountry "GER"]
[SourceTitle "CBM 094 Extra"]
[Source "ChessBase"]
[SourceDate "2003.07.09"]
[SourceVersion "2"]
[SourceVersionDate "2003.07.09"]
[SourceQuality "1"]

1. e4 c5 2. Nf3 d6 3. Bb5+ Bd7 4. Bxd7+ Qxd7 5. c4 Nc6 6. d3 e6 7. Nc3 h6 8. Be3 Nf6 9. 0-0 Be7 10. Qd2 0-0 11. d4 Ng4 12. dxc5 Nxe3 13. Qxe3 dxc5 14. Rad1 Qc7 15. Rd2 Rfd8 16. Rfd1 Rxd2 17. Rxd2 Rd8 18. h3 Kh7 19. Rxd8 Qxd8 20. Kf1 Nd4 21. g3 Bf6 22. e5 Be7 23. Nxd4 cxd4 24. Qe4+ Kg8 25. Ne2 d3 26. Nc3 Bb4 27. Ke1 d2+ 28. Kd1 Qb6 29. Qe3 Bc5 30. Qxd2 Bxf2 31. g4 Qd4 32. Nb5 Qxc4 33. Nd6 Qf1+ 34. Kc2 Be1 35. Qd1 Qf2+ 36. Kc1 Qe3+ 37. Kb1 Qxe5 38. Nxb7 Bb4 39. Qd8+ Kh7 40. Qd3+ g6 41. a3 Be7 42. Qd7 Qf6 43. Na5 a6 44. Nc6 Bf8 45. Qe8 Bg7 46. Kc1 Qxb2+ 47. Kd1 Qb3+ 48. Ke2 Qc2+ 49. Ke3 Qc5+ 50. Ke2 Qf8 51. Qd7 Qxa3 52. Ne7 Bf6 53. Nc6 Qf8 54. Nb8 Qxb8 55. Qxf7+ Bg7 56. Qxe6 Qe5+ 0-1

[Event "GER-ch U12"]
[Site "Willingen"]
[Date "2003.06.08"]
[Round "1"]
[White "Friedt, Edmund"]
[Black "Geilfuss, Albert"]
[Result "0-1"]
[WhiteElo "1306"]
[BlackElo "1640"]
[PlyCount "52"]
[EventDate "2003.06.08"]
[EventType "swiss"]
[EventRounds "11"]
[EventCountry "GER"]
[SourceTitle "CBM 094 Extra"]
[Source "ChessBase"]
[SourceDate "2003.07.09"]
[SourceVersion "2"]
[SourceVersionDate "2003.07.09"]
[SourceQuality "1"]

1. e4 e6 2. d4 d5 3. Nc3 Bb4 4. exd5 exd5 5. a3 Bxc3+ 6. bxc3 Ne7 7. Bd3 0-0 8. Ne2 Bf5 9. 0-0 Nd7 10. Ng3 Bg6 11. f4 Bxd3 12. Qxd3 f5 13. a4 g6 14. Ba3 Re8 15. Rae1 Nb6 16. Bxe7 Rxe7 17. Rxe7 Qxe7 18. Ra1 Re8 19. Kf2 Nc4 20. Qf3 c6 21. Nf1 Kf8 22. h3 a5 23. g4 fxg4 24. hxg4 Qe4 25. Rb1 Qxc2+ 26. Kg3 Qxb1 0-1